Bersatu dalam semangat 1 Malaysia

Bibliographic Details
Main Author: Afzan Ayub
Format: Book
Published: Petaling Jaya : Pintar Firus Sdn. Bhd. , 2010
Series:Siri menjayakan 1 Malaysia
Subjects:

MARC

LEADER 00000cam a2200000 7i4500
001 0000140309
005 20100521.0
020 |a 9789675452093 
090 0 0 |a 320.9595   |b MEN 
100 0 |a Afzan Ayub 
245 1 0 |a Bersatu dalam semangat 1 Malaysia   |c Afzan Ayub 
260 |a Petaling Jaya :   |b Pintar Firus Sdn. Bhd. ,   |c 2010 
300 |a 36p. :   |b ill. ;   |c 22cm. 
490 0 |a Siri menjayakan 1 Malaysia 
651 0 |a Malaysia   |x Politics and government   |x Juvenile literature 
651 0 |a Malaysia   |x Race relations   |x Juvenile literature 
999 |a 00233585   |b BUKU   |c JUNIOR BOOKS   |e PERPUSTAKAAN KOMUNITI CAW KOTA DAMANSARA 
999 |a 00233586   |b BUKU   |c JUNIOR BOOKS   |e PERPUSTAKAAN KOMUNITI PETALING JAYA 
999 |a 00278567   |b BUKU   |c JUNIOR BOOKS   |e PERPUSTAKAAN KOMUNITI CAW TAMAN MEDAN